| 000 | 00606cam a2200217 4500 | ||
|---|---|---|---|
| 001 | 000401377 | ||
| 003 | AM-YeHGA | ||
| 005 | 20250617132507.0 | ||
| 008 | 700225s1969 enka|||||b||||001|0|eng|d | ||
| 020 | _a0198750110 | ||
| 040 | _aAM-YeHGA | ||
| 041 | 0 | _aeng | |
| 245 | 0 | 4 |
_aThe philosophy of mathematics / _cEdited by Jaakko Hintikka. |
| 260 |
_aLondon : _bOxford Universtiy Press, _c1969. |
||
| 300 |
_a186 p. _bill. |
||
| 440 | 0 | _aOxford readings in philosophy | |
| 504 | _aBibliography: p. 178-184. | ||
| 650 | 0 |
_aMathematics _xPhilosophy |
|
| 700 | 1 |
_aHintikka, Jaakko _4edt |
|
| 090 | _c153419 | ||
| 999 |
_c152024 _d152024 |
||